| 000 | 00587cam a22002171 4500 | ||
|---|---|---|---|
| 001 | ne 64002425 | ||
| 003 | DLC | ||
| 005 | 20260227111805.0 | ||
| 008 | 881028s1961 xx b 000 0 ara | ||
| 010 | _ane 64002425 | ||
| 035 | _a(OCoLC)23509372 | ||
| 040 |
_aDLC _cMiU _dDLC |
||
| 042 | _apremarc | ||
| 050 | 0 | 0 |
_aPJ8047.B3 _bZ3 |
| 100 | 1 | _aZakī, Aḥmad Kamāl. | |
| 245 | 1 | 3 | _aal-Ḥayāt al-adabīyah fī al-Baṣrah. |
| 260 | _c[1961] | ||
| 300 |
_a599 p. _bfold. map. _c24 cm. |
||
| 500 | _aRomanized. | ||
| 650 | 0 |
_aArabic literature _zIraq _zBaṣrah _xHistory and criticism. |
|
| 999 |
_c47437 _d47437 |
||